Statistics for Toronto Maple Leafs 2023/2024 Roster

Click here to take the quiz!

General Stats

  • This quiz has been taken 252 times
  • The average score is 21 of 26

Answer Stats

HintAnswer% Correct
#34Auston Matthews
99%
#88William Nylander
98%
#16Mitch Marner
97%
#91John Tavares
95%
#60Joseph Woll
95%
#35Ilya Samsonov
93%
#23Matthew Knies
90%
#75Ryan Reaves
89%
#44Morgan Rielly
88%
#89Nicholas Robertson
87%
#59Tyler Bertuzzi
86%
#11Max Domi
85%
#78T.J. Brodie
85%
#64David Kampf
82%
#2Simon Benoit
80%
#22Jake McCabe
78%
#31Martin Jones
78%
#55Mark Giordano
75%
#74Bobby McMann
73%
#19Calle Jarnkrok
70%
#37Timothy Liljegren
68%
#29Pontus Holmberg
66%
#18Noah Gregor
64%
#3John Klingberg
60%
#25Conor Timmins
57%
#85William Lagesson
47%

Score Distribution

Percentile by Number Answered

Percent of People with Each Score

Your Score History

You have not taken this quiz